000 00384nam a2200145Ia 4500
008 100122s9999 xx 000 0 und d
082 _b71586
_a613.1
100 _aWAYNE HOWARD H
245 _aHOW TO PROTECT YOUR HEART
260 _bMAGNA PUBLISHING COMPANY
_c2001
300 _a238
630 _aHOW TO PROTECT YOUR HEART
730 _aHOW TO PROTECT YOUR HEART
942 _cBOOK
999 _c382461
_d382458